000 00601nam a2200169 4500
001 138342
003 ES-MaACL
005 20230906195540.0
007 t|
008 070214s1908 sp r ||||1| spa d
100 1 _aSancho Brased, Ramón.
_9103033
245 1 0 _aOrganización de los trabajadores agrícolas
_b: tesis doctoral leída el día 5 de mayo de 1906 /
_cpor D. Ramón Sancho.
260 _aZaragoza :
_b[s. n.],
_cTip. de Emilio Casañal (
_f1908)
300 _a55, 1 p. ;
_c21 cm.
710 2 _aUniversidad Central (Madrid).
_bFacultad de Derecho.
_97090
852 _aES-MaACL
_jT-1125-F-4
999 _c138342
_d138342